[Event "T-Director's Swiss sytem"]
[Site "playchess.com #662980"]
[Date "2014.03.16"]
[Round "8"]
[White "Mehdi1783"]
[Black "Saint-Michel"]
[Result "0-1"]
[WhiteElo "1535"]
[BlackElo "1701"]
[PlyCount "90"]
[EventDate "2014.03.16"]
[EventType "swiss (blitz)"]

1. d4 {[%emt 0:00:08]} d5 {[%emt 0:00:01]} 2. c4 {[%emt 0:00:01]} e6 {[%emt 0:
00:01]} 3. Nc3 {[%emt 0:00:02]} c5 {[%emt 0:00:01]} 4. Nf3 {[%emt 0:00:05]}
cxd4 {[%emt 0:00:01]} 5. Nxd4 {[%emt 0:00:02]} e5 {[%emt 0:00:01]} 6. Ndb5 {
[%emt 0:00:05]} a6 {[%emt 0:00:04]} 7. Na3 {[%emt 0:00:04]} d4 {[%emt 0:00:09]}
8. Nd5 {[%emt 0:00:04]} Bxa3 {[%emt 0:00:09]} 9. Qa4+ {[%emt 0:00:04]} Nc6 {
[%emt 0:00:11]} 10. Qxa3 {[%emt 0:00:04]} Nge7 {[%emt 0:00:04]} 11. Nxe7 {
[%emt 0:00:08]} Qxe7 {[%emt 0:00:03]} 12. Qxe7+ {[%emt 0:00:02]} Kxe7 {[%emt 0:
00:03]} 13. e3 {[%emt 0:00:01]} Nb4 {[%emt 0:00:08]} 14. Kd2 {[%emt 0:00:12]}
dxe3+ {[%emt 0:00:02]} 15. fxe3 {[%emt 0:00:03]} Rd8+ {[%emt 0:00:02]} 16. Kc3
{[%emt 0:00:06]} Nc6 {[%emt 0:00:08]} 17. Bd3 {[%emt 0:00:09]} g6 {[%emt 0:00:
04]} 18. b3 {[%emt 0:00:15]} f5 {[%emt 0:00:06]} 19. Ba3+ {[%emt 0:00:04]} Ke6
{[%emt 0:00:04]} 20. Rhf1 {[%emt 0:00:03]} e4 {[%emt 0:00:03]} 21. Be2 {[%emt
0:00:12]} Ne5 {[%emt 0:00:04]} 22. Rad1 {[%emt 0:00:09]} Bd7 {[%emt 0:00:03]}
23. Bd6 {[%emt 0:00:06]} Bc6 {[%emt 0:00:09]} 24. Bxe5 {[%emt 0:00:05]} Kxe5 {
[%emt 0:00:02]} 25. h4 {[%emt 0:00:04]} b5 {[%emt 0:00:03]} 26. h5 {[%emt 0:00:
07]} Rac8 {[%emt 0:00:05]} 27. hxg6 {[%emt 0:00:03]} hxg6 {[%emt 0:00:04]} 28.
Kb2 {[%emt 0:00:09]} b4 {[%emt 0:00:23]} 29. Rh1 {[%emt 0:00:44]} Rh8 {[%emt 0:
00:08]} 30. c5 {[%emt 0:00:11]} Rxh1 {[%emt 0:00:06]} 31. Rxh1 {[%emt 0:00:03]}
a5 {[%emt 0:00:09]} 32. Rh6 {[%emt 0:00:09]} Be8 {[%emt 0:00:09]} 33. Rh8 {
[%emt 0:00:10]} Bd7 {[%emt 0:00:03]} 34. Rxc8 {[%emt 0:00:44]} Bxc8 {[%emt 0:
00:05]} 35. Bc4 {[%emt 0:00:05]} Be6 {[%emt 0:00:08]} 36. a3 {[%emt 0:00:30]}
Bxc4 {[%emt 0:00:03]} 37. bxc4 {[%emt 0:00:02]} g5 {[%emt 0:00:07]} 38. axb4 {
[%emt 0:00:03]} axb4 {[%emt 0:00:01]} 39. Kb3 {[%emt 0:00:01]} f4 {[%emt 0:00:
01]} 40. exf4+ {[%emt 0:00:06]} gxf4 {[%emt 0:00:02]} 41. c6 {[%emt 0:00:05]}
Kd6 {[%emt 0:00:03]} 42. Kxb4 {[%emt 0:00:09]} Kxc6 {[%emt 0:00:03]} 43. Kc3 {
[%emt 0:00:02]} Kc5 {[%emt 0:00:03]} 44. Kb3 {[%emt 0:00:07]} f3 {[%emt 0:00:
02]} 45. gxf3 {[%emt 0:00:12]} exf3 {[%emt 0:00:02] Mehdi1783 abandonne} 0-1

[Event "T-Director's Swiss sytem"]
[Site "playchess.com #662980"]
[Date "2014.03.16"]
[Round "5"]
[White "Mehdi1783"]
[Black "Tudorache M"]
[Result "1-0"]
[WhiteElo "1495"]
[BlackElo "1818"]
[PlyCount "103"]
[EventDate "2014.03.16"]
[EventType "swiss (blitz)"]

1. d4 {[%emt 0:00:03]} Nf6 {[%emt 0:00:03]} 2. c4 {[%emt 0:00:02]} g6 {[%emt 0:
00:09]} 3. Nc3 {[%emt 0:00:02]} Bg7 {[%emt 0:00:04]} 4. e4 {[%emt 0:00:02]} d6
{[%emt 0:00:02]} 5. f3 {[%emt 0:00:01]} O-O {[%emt 0:00:01]} 6. Nge2 {[%emt 0:
00:00]} c5 {[%emt 0:00:01]} 7. d5 {[%emt 0:00:02]} e6 {[%emt 0:00:01]} 8. Be3 {
[%emt 0:00:03]} exd5 {[%emt 0:00:01]} 9. cxd5 {[%emt 0:00:02]} a6 {[%emt 0:00:
03]} 10. a4 {[%emt 0:00:03]} b6 {[%emt 0:00:01]} 11. Ng3 {[%emt 0:00:02]} Nfd7
{[%emt 0:00:01]} 12. Be2 {[%emt 0:00:04]} Ne5 {[%emt 0:00:01]} 13. O-O {[%emt
0:00:03]} Qc7 {[%emt 0:00:21]} 14. Qd2 {[%emt 0:00:07]} f5 {[%emt 0:00:14]} 15.
Rab1 {[%emt 0:00:09]} Nbd7 {[%emt 0:00:19]} 16. b4 {[%emt 0:00:04]} Rb8 {[%emt
0:00:07]} 17. b5 {[%emt 0:00:04]} a5 {[%emt 0:00:03]} 18. Bh6 {[%emt 0:00:18]}
Nf6 {[%emt 0:00:03]} 19. Bxg7 {[%emt 0:00:04]} Qxg7 {[%emt 0:00:01]} 20. f4 {
[%emt 0:00:05]} Neg4 {[%emt 0:00:06]} 21. h3 {[%emt 0:00:10]} Nh6 {[%emt 0:00:
02]} 22. e5 {[%emt 0:00:03]} dxe5 {[%emt 0:00:16]} 23. fxe5 {[%emt 0:00:02]}
Nd7 {[%emt 0:00:01]} 24. e6 {[%emt 0:00:08]} Ne5 {[%emt 0:00:02]} 25. Qa2 {
[%emt 0:00:22]} Kh8 {[%emt 0:00:04]} 26. d6 {[%emt 0:00:04]} Bb7 {[%emt 0:00:
19]} 27. e7 {[%emt 0:00:03]} Rfe8 {[%emt 0:00:05]} 28. Nd5 {[%emt 0:00:05]}
Bxd5 {[%emt 0:00:06]} 29. Qxd5 {[%emt 0:00:03]} Nd7 {[%emt 0:00:01]} 30. Qc6 {
[%emt 0:00:11]} Ne5 {[%emt 0:00:07]} 31. Qc7 {[%emt 0:00:17]} Rec8 {[%emt 0:00:
12]} 32. Qa7 {[%emt 0:00:44]} Ng8 {[%emt 0:00:27]} 33. Rbd1 {[%emt 0:00:44]}
Re8 {[%emt 0:00:26]} 34. Bf3 {[%emt 0:00:24]} Nf6 {[%emt 0:00:29]} 35. Bc6 {
[%emt 0:00:15]} Rg8 {[%emt 0:00:04]} 36. Rfe1 {[%emt 0:00:23]} Ne8 {[%emt 0:01:
08] '} 37. Qxb8 {[%emt 0:00:26]} Nc4 {[%emt 0:00:13]} 38. Bxe8 {[%emt 0:00:14]}
Nb2 {[%emt 0:00:10]} 39. d7 {[%emt 0:00:06]} Nxd1 {[%emt 0:00:04]} 40. Rxd1 {
[%emt 0:00:06]} Qc3 {[%emt 0:00:10]} 41. d8=Q {[%emt 0:00:06]} Qe3+ {[%emt 0:
00:05]} 42. Kh2 {[%emt 0:00:03]} Kg7 {[%emt 0:00:01]} 43. Qdd6 {[%emt 0:00:03]}
Qb3 {[%emt 0:00:03]} 44. Qe5+ {[%emt 0:00:01]} Kh6 {[%emt 0:00:01]} 45. Qd5 {
[%emt 0:00:01]} Qc3 {[%emt 0:00:03]} 46. Qxg8 {[%emt 0:00:03]} Qe3 {[%emt 0:00:
04]} 47. Qf8+ {[%emt 0:00:03]} Kg5 {[%emt 0:00:01]} 48. Bc6 {[%emt 0:00:01]} f4
{[%emt 0:00:01]} 49. Qf6+ {[%emt 0:00:03]} Kh6 {[%emt 0:00:01]} 50. Qfxf4+ {
[%emt 0:00:01]} Qxf4 {[%emt 0:00:01]} 51. Qxf4+ {[%emt 0:00:01]} g5 {[%emt 0:
00:00]} 52. Qf6# {[%emt 0:00:02]} 1-0

[Event "T-Director's Swiss sytem"]
[Site "playchess.com #662980"]
[Date "2014.03.16"]
[Round "1"]
[White "Mehdi1783"]
[Black "Ultimatewinner_a"]
[Result "0-1"]
[WhiteElo "1477"]
[BlackElo "2069"]
[PlyCount "84"]
[EventDate "2014.03.16"]
[EventType "swiss (blitz)"]

1. d4 {[%emt 0:00:04]} d5 {[%emt 0:00:02]} 2. c4 {[%emt 0:00:02]} e6 {[%emt 0:
00:11]} 3. Nc3 {[%emt 0:00:05]} Nf6 {[%emt 0:00:03]} 4. cxd5 {[%emt 0:00:02]}
exd5 {[%emt 0:00:15]} 5. Bg5 {[%emt 0:00:04]} c6 {[%emt 0:00:01]} 6. e3 {[%emt
0:00:03]} Bf5 {[%emt 0:00:02]} 7. Qb3 {[%emt 0:00:03]} Qb6 {[%emt 0:00:02]} 8.
Qxb6 {[%emt 0:00:36]} axb6 {[%emt 0:00:07]} 9. Bxf6 {[%emt 0:00:02]} gxf6 {
[%emt 0:00:03]} 10. Kd2 {[%emt 0:00:04]} Nd7 {[%emt 0:00:13]} 11. Bd3 {[%emt 0:
00:03]} Bg6 {[%emt 0:00:02]} 12. Nf3 {[%emt 0:00:09]} Bb4 {[%emt 0:00:02]} 13.
a3 {[%emt 0:00:13]} Bd6 {[%emt 0:00:02]} 14. Rac1 {[%emt 0:00:10]} O-O {[%emt
0:00:05]} 15. h4 {[%emt 0:00:11]} h5 {[%emt 0:00:04]} 16. Rhg1 {[%emt 0:00:12]}
f5 {[%emt 0:00:12]} 17. Ng5 {[%emt 0:00:17]} Rae8 {[%emt 0:00:07]} 18. f3 {
[%emt 0:00:33]} Nf6 {[%emt 0:00:14]} 19. Rce1 {[%emt 0:00:13]} Bg3 {[%emt 0:00:
03]} 20. Re2 {[%emt 0:00:08]} Bxh4 {[%emt 0:00:03]} 21. Nh3 {[%emt 0:00:03]}
Bg3 {[%emt 0:00:04]} 22. Na4 {[%emt 0:00:18]} Nd7 {[%emt 0:00:05]} 23. Nf2 {
[%emt 0:00:09]} b5 {[%emt 0:00:07]} 24. Nc3 {[%emt 0:00:03]} Nb6 {[%emt 0:00:
02]} 25. Nh1 {[%emt 0:00:10]} f4 {[%emt 0:00:18]} 26. e4 {[%emt 0:00:14]} dxe4
{[%emt 0:00:06]} 27. fxe4 {[%emt 0:00:04]} Rd8 {[%emt 0:00:04]} 28. Nxg3 {
[%emt 0:00:13]} fxg3 {[%emt 0:00:02]} 29. Re3 {[%emt 0:00:03]} Rxd4 {[%emt 0:
00:07]} 30. Rxg3 {[%emt 0:00:04]} Kh7 {[%emt 0:00:02]} 31. Ne2 {[%emt 0:00:19]}
Rd7 {[%emt 0:00:08]} 32. Ke3 {[%emt 0:00:08]} Re8 {[%emt 0:00:08]} 33. Nf4 {
[%emt 0:00:05]} Nc4+ {[%emt 0:00:05]} 34. Bxc4 {[%emt 0:00:11]} Rxe4+ {[%emt 0:
00:03]} 35. Kf3 {[%emt 0:00:06]} Rxc4 {[%emt 0:00:01]} 36. Rh1 {[%emt 0:00:06]}
Rdd4 {[%emt 0:00:28]} 37. Nxh5 {[%emt 0:00:04]} Rd3+ {[%emt 0:00:01]} 38. Kf2 {
[%emt 0:00:10]} Rc2+ {[%emt 0:00:02]} 39. Kg1 {[%emt 0:00:04]} Rd1+ {[%emt 0:
00:06]} 40. Kh2 {[%emt 0:00:03]} Rxh1+ {[%emt 0:00:02]} 41. Kxh1 {[%emt 0:00:
03]} Bxh5 {[%emt 0:00:02]} 42. Rh3 {[%emt 0:00:01]} Kg6 {[%emt 0:00:03]
Mehdi1783 abandonne} 0-1

[Event "T-Director's Swiss sytem"]
[Site "playchess.com #662980"]
[Date "2014.03.16"]
[Round "1"]
[White "Moustafa"]
[Black "Chessys"]
[Result "1-0"]
[WhiteElo "2109"]
[BlackElo "1522"]
[PlyCount "49"]
[EventDate "2014.03.16"]
[EventType "swiss (blitz)"]

1. e4 {[%emt 0:00:01]} e6 {[%emt 0:00:02]} 2. d3 {[%emt 0:00:03]} d5 {[%emt 0:
00:02]} 3. Nd2 {[%emt 0:00:04]} dxe4 {[%emt 0:00:03]} 4. dxe4 {[%emt 0:00:01]}
Nf6 {[%emt 0:00:03]} 5. Bd3 {[%emt 0:00:02]} c5 {[%emt 0:00:04]} 6. Ngf3 {
[%emt 0:00:01]} Nc6 {[%emt 0:00:03]} 7. e5 {[%emt 0:00:02]} Nd5 {[%emt 0:00:10]
} 8. Nc4 {[%emt 0:00:06]} Ndb4 {[%emt 0:00:05]} 9. O-O {[%emt 0:00:05]} Nxd3 {
[%emt 0:00:02]} 10. cxd3 {[%emt 0:00:01]} Nd4 {[%emt 0:00:04]} 11. Nxd4 {[%emt
0:00:10]} cxd4 {[%emt 0:00:03]} 12. Qg4 {[%emt 0:00:05]} f6 {[%emt 0:00:27]}
13. exf6 {[%emt 0:00:07]} Qxf6 {[%emt 0:00:04]} 14. Re1 {[%emt 0:00:10]} Bb4 {
[%emt 0:00:08]} 15. Qh5+ {[%emt 0:00:49]} Kf8 {[%emt 0:00:27]} 16. Re4 {[%emt
0:00:06]} Ke7 {[%emt 0:00:17]} 17. Bg5 {[%emt 0:00:05]} g6 {[%emt 0:00:25]} 18.
Bxf6+ {[%emt 0:00:11]} Kxf6 {[%emt 0:00:02]} 19. Qe5+ {[%emt 0:00:02]} Kf7 {
[%emt 0:00:07]} 20. Qxh8 {[%emt 0:00:02]} Bc5 {[%emt 0:00:07]} 21. Rf4+ {[%emt
0:00:04]} Ke7 {[%emt 0:00:03]} 22. Qf8+ {[%emt 0:00:04]} Kd7 {[%emt 0:00:03]}
23. Qxc5 {[%emt 0:00:02]} b6 {[%emt 0:00:04]} 24. Rf7+ {[%emt 0:00:02]} Ke8 {
[%emt 0:00:03]} 25. Qf8# {[%emt 0:00:01] (Lag: Av=1.13s, max=9.4s)} 1-0

[Event "T-Director's Swiss sytem"]
[Site "playchess.com #662980"]
[Date "2014.03.16"]
[Round "3"]
[White "Moustafa"]
[Black "Hakem III"]
[Result "1-0"]
[WhiteElo "2078"]
[BlackElo "1746"]
[PlyCount "105"]
[EventDate "2014.03.16"]
[EventType "swiss (blitz)"]

1. e4 {[%emt 0:00:02]} e5 {[%emt 0:00:01]} 2. Nf3 {[%emt 0:00:01]} Nc6 {[%emt
0:00:01]} 3. Bb5 {[%emt 0:00:01]} a6 {[%emt 0:00:01]} 4. Ba4 {[%emt 0:00:01]}
Nf6 {[%emt 0:00:02]} 5. O-O {[%emt 0:00:02]} Be7 {[%emt 0:00:01]} 6. Re1 {
[%emt 0:00:01]} b5 {[%emt 0:00:01]} 7. Bb3 {[%emt 0:00:01]} d6 {[%emt 0:00:01]}
8. c3 {[%emt 0:00:01]} O-O {[%emt 0:00:03]} 9. h3 {[%emt 0:00:01]} Na5 {[%emt
0:00:01]} 10. Bc2 {[%emt 0:00:02]} c5 {[%emt 0:00:01]} 11. d4 {[%emt 0:00:01]}
Nd7 {[%emt 0:00:01]} 12. Nbd2 {[%emt 0:00:02]} exd4 {[%emt 0:00:01]} 13. cxd4 {
[%emt 0:00:01]} Nc6 {[%emt 0:00:01]} 14. Nb3 {[%emt 0:00:19]} Bf6 {[%emt 0:00:
30]} 15. Be3 {[%emt 0:00:07]} Bb7 {[%emt 0:01:04]} 16. Rb1 {[%emt 0:00:32]} c4
{[%emt 0:00:12]} 17. Nbd2 {[%emt 0:00:06]} Nb4 {[%emt 0:00:03]} 18. a3 {[%emt
0:00:06]} Nxc2 {[%emt 0:00:02]} 19. Qxc2 {[%emt 0:00:00]} Re8 {[%emt 0:00:12]}
20. Bf4 {[%emt 0:00:08]} Qb6 {[%emt 0:00:24]} 21. Be3 {[%emt 0:00:47]} Qc7 {
[%emt 0:00:25]} 22. Rbc1 {[%emt 0:00:06]} Rac8 {[%emt 0:00:06]} 23. g4 {[%emt
0:00:11]} g6 {[%emt 0:00:04]} 24. Bf4 {[%emt 0:00:26]} Qb6 {[%emt 0:00:02]} 25.
Be3 {[%emt 0:00:20]} Bg7 {[%emt 0:00:14]} 26. Rcd1 {[%emt 0:00:11]} Qc7 {[%emt
0:00:06]} 27. d5 {[%emt 0:00:07]} Nc5 {[%emt 0:00:03]} 28. Nd4 {[%emt 0:00:06]}
Nd3 {[%emt 0:00:07]} 29. Re2 {[%emt 0:00:01]} Qd7 {[%emt 0:00:16]} 30. b3 {
[%emt 0:00:14]} Ne5 {[%emt 0:00:12]} 31. f4 {[%emt 0:00:09]} cxb3 {[%emt 0:00:
03]} 32. Qxb3 {[%emt 0:00:03]} Nc4 {[%emt 0:00:06]} 33. Bf2 {[%emt 0:00:07]}
Nxd2 {[%emt 0:00:08]} 34. Rdxd2 {[%emt 0:00:00]} Rc1+ {[%emt 0:00:04]} 35. Kg2
{[%emt 0:00:03]} Rec8 {[%emt 0:00:01]} 36. Nf3 {[%emt 0:00:06]} R1c3 {[%emt 0:
00:03]} 37. Qb4 {[%emt 0:00:02]} R8c4 {[%emt 0:00:08]} 38. Qa5 {[%emt 0:00:01]}
Ra4 {[%emt 0:00:02]} 39. Qb6 {[%emt 0:00:01]} Raxa3 {[%emt 0:00:03]} 40. Nd4 {
[%emt 0:00:09]} Rxh3 {[%emt 0:00:07]} 41. f5 {[%emt 0:00:09]} h5 {[%emt 0:00:
10]} 42. Nc2 {[%emt 0:00:17]} Rab3 {[%emt 0:00:09]} 43. Ne3 {[%emt 0:00:01]}
hxg4 {[%emt 0:00:11]} 44. Rc2 {[%emt 0:00:05]} Qe7 {[%emt 0:00:17]} 45. Rc7 {
[%emt 0:00:25]} Qxe4+ {[%emt 0:00:02]} 46. Kf1 {[%emt 0:00:08]} Rh1+ {[%emt 0:
00:11]} 47. Bg1 {[%emt 0:00:03]} Qf3+ {[%emt 0:00:05]} 48. Rf2 {[%emt 0:00:02]}
Rb2 {[%emt 0:00:02]} 49. Rxf3 {[%emt 0:00:02]} Rb1+ {[%emt 0:00:00]} 50. Kg2 {
[%emt 0:00:02]} Rbxg1+ {[%emt 0:00:05]} 51. Kf2 {[%emt 0:00:01]} gxf3 {[%emt 0:
00:13]} 52. Rxb7 {[%emt 0:00:01]} gxf5 {[%emt 0:00:05]} 53. Qxd6 {[%emt 0:00:
13] Tiempo} 1-0

[Event "T-Director's Swiss sytem"]
[Site "playchess.com #662980"]
[Date "2014.03.16"]
[Round "9"]
[White "Moustafa"]
[Black "LovePoetry"]
[Result "1-0"]
[WhiteElo "2012"]
[BlackElo "1703"]
[PlyCount "61"]
[EventDate "2014.03.16"]
[EventType "swiss (blitz)"]

1. e4 {[%emt 0:00:01]} c5 {[%emt 0:00:02]} 2. c3 {[%emt 0:00:01]} Nf6 {[%emt 0:
00:08]} 3. e5 {[%emt 0:00:01]} Nd5 {[%emt 0:00:01]} 4. Nf3 {[%emt 0:00:00]} e6
{[%emt 0:00:08]} 5. d4 {[%emt 0:00:01]} Nc6 {[%emt 0:00:03]} 6. Bc4 {[%emt 0:
00:02]} a6 {[%emt 0:00:05]} 7. a4 {[%emt 0:00:02]} Na5 {[%emt 0:00:05]} 8. Ba2
{[%emt 0:00:03]} c4 {[%emt 0:00:02]} 9. Nbd2 {[%emt 0:00:03]} b5 {[%emt 0:00:
05]} 10. O-O {[%emt 0:00:06]} Be7 {[%emt 0:00:12]} 11. Ne4 {[%emt 0:00:01]} f5
{[%emt 0:00:06]} 12. exf6 {[%emt 0:00:02]} Nxf6 {[%emt 0:00:02]} 13. Nfg5 {
[%emt 0:00:07]} Bb7 {[%emt 0:00:25]} 14. Nxf6+ {[%emt 0:00:05]} Bxf6 {[%emt 0:
00:02]} 15. Qh5+ {[%emt 0:00:01]} g6 {[%emt 0:00:11]} 16. Qh6 {[%emt 0:00:02]}
Qe7 {[%emt 0:00:09]} 17. Re1 {[%emt 0:00:04]} O-O-O {[%emt 0:00:03]} 18. axb5 {
[%emt 0:00:10]} axb5 {[%emt 0:00:02]} 19. Ne4 {[%emt 0:00:06]} Bg7 {[%emt 0:00:
16]} 20. Qh3 {[%emt 0:00:05]} Bd5 {[%emt 0:00:16]} 21. Bg5 {[%emt 0:00:04]} Qf8
{[%emt 0:00:19]} 22. Bxd8 {[%emt 0:00:02]} Qxd8 {[%emt 0:00:01]} 23. Nd6+ {
[%emt 0:00:01]} Kc7 {[%emt 0:00:08]} 24. Nf7 {[%emt 0:00:01]} Qf6 {[%emt 0:00:
10]} 25. Nxh8 {[%emt 0:00:02]} Bxh8 {[%emt 0:00:04]} 26. Bb1 {[%emt 0:00:03]}
Kb6 {[%emt 0:00:04]} 27. Be4 {[%emt 0:00:06]} Nb3 {[%emt 0:00:07]} 28. Ra3 {
[%emt 0:00:12]} Bxe4 {[%emt 0:00:25]} 29. Rxe4 {[%emt 0:00:12]} h5 {[%emt 0:00:
09]} 30. Qg3 {[%emt 0:00:10]} Qe7 {[%emt 0:00:25]} 31. Qb8+ {[%emt 0:00:04]
LovePoetry gibt auf} 1-0

[Event "T-Director's Swiss sytem"]
[Site "playchess.com #662980"]
[Date "2014.03.16"]
[Round "5"]
[White "Moustafa"]
[Black "Marcelciubotariu"]
[Result "1-0"]
[WhiteElo "2056"]
[BlackElo "1680"]
[PlyCount "49"]
[EventDate "2014.03.16"]
[EventType "swiss (blitz)"]

1. e4 {[%emt 0:00:01]} c5 {[%emt 0:00:02]} 2. c3 {[%emt 0:00:01]} g6 {[%emt 0:
00:02]} 3. d4 {[%emt 0:00:01]} cxd4 {[%emt 0:00:01]} 4. cxd4 {[%emt 0:00:01]}
Bg7 {[%emt 0:00:05]} 5. Nc3 {[%emt 0:00:02]} d5 {[%emt 0:00:02]} 6. Nxd5 {
[%emt 0:00:10]} Nc6 {[%emt 0:00:15]} 7. Nf3 {[%emt 0:00:09]} Bg4 {[%emt 0:00:
05]} 8. Bf4 {[%emt 0:00:25]} Rc8 {[%emt 0:00:23]} 9. Qa4 {[%emt 0:00:08]} Bxf3
{[%emt 0:00:07]} 10. gxf3 {[%emt 0:00:01]} e6 {[%emt 0:00:03]} 11. Nc3 {[%emt
0:00:13]} Qxd4 {[%emt 0:00:22]} 12. Bb5 {[%emt 0:00:07]} Nge7 {[%emt 0:00:16]}
13. Qxd4 {[%emt 0:00:35]} Bxd4 {[%emt 0:00:05]} 14. Bh6 {[%emt 0:00:04]} a6 {
[%emt 0:00:07]} 15. Ba4 {[%emt 0:00:09]} b5 {[%emt 0:00:05]} 16. Bb3 {[%emt 0:
00:06]} Na5 {[%emt 0:00:02]} 17. O-O {[%emt 0:00:17]} Bxc3 {[%emt 0:00:04]} 18.
bxc3 {[%emt 0:00:02]} Rxc3 {[%emt 0:00:01]} 19. Bg7 {[%emt 0:00:01]} Nxb3 {
[%emt 0:00:08]} 20. axb3 {[%emt 0:00:03]} Rxb3 {[%emt 0:00:05]} 21. Bxh8 {
[%emt 0:00:01]} Rxf3 {[%emt 0:00:01]} 22. Rxa6 {[%emt 0:00:03]} f5 {[%emt 0:00:
08]} 23. Rxe6 {[%emt 0:00:07]} Kd7 {[%emt 0:00:05]} 24. exf5 {[%emt 0:00:01]}
Nxf5 {[%emt 0:00:03]} 25. Rb6 {[%emt 0:00:09] Marcelciubotariu resigns} 1-0

[Event "T-Director's Swiss sytem"]
[Site "playchess.com #662980"]
[Date "2014.03.16"]
[Round "7"]
[White "Moustafa"]
[Black "Pierre-Basile76"]
[Result "0-1"]
[WhiteElo "2064"]
[BlackElo "1827"]
[PlyCount "32"]
[EventDate "2014.03.16"]
[EventType "swiss (blitz)"]

1. e4 {[%emt 0:00:02]} c5 {[%emt 0:00:02]} 2. c3 {[%emt 0:00:01]} Nf6 {[%emt 0:
00:03]} 3. e5 {[%emt 0:00:01]} Nd5 {[%emt 0:00:04]} 4. Nf3 {[%emt 0:00:00]} Nc6
{[%emt 0:00:04]} 5. Bc4 {[%emt 0:00:02]} Nb6 {[%emt 0:00:02]} 6. Bb5 {[%emt 0:
00:08]} a6 {[%emt 0:00:04]} 7. Be2 {[%emt 0:00:01]} d5 {[%emt 0:00:12]} 8. d4 {
[%emt 0:00:03]} e6 {[%emt 0:00:06]} 9. O-O {[%emt 0:00:08]} Bd7 {[%emt 0:00:07]
} 10. Be3 {[%emt 0:00:08]} cxd4 {[%emt 0:00:08]} 11. cxd4 {[%emt 0:00:01]} Be7
{[%emt 0:00:03]} 12. Nc3 {[%emt 0:00:09]} O-O {[%emt 0:00:02]} 13. Rc1 {[%emt
0:00:03]} Rc8 {[%emt 0:00:03]} 14. Bd3 {[%emt 0:00:01]} Na5 {[%emt 0:00:13]}
15. Bb1 {[%emt 0:00:03]} Nbc4 {[%emt 0:00:28]} 16. Qd2 {[%emt 0:00:03]} Nxd2 {
[%emt 0:00:02] Moustafa resigns  (Lag: Av=0.67s, max=2.1s)} 0-1

[Event "T-Director's Swiss sytem"]
[Site "playchess.com #662980"]
[Date "2014.03.16"]
[Round "7"]
[White "Mr bh6"]
[Black "Bekakv"]
[Result "1-0"]
[WhiteElo "2690"]
[BlackElo "2279"]
[PlyCount "57"]
[EventDate "2014.03.16"]
[EventType "swiss (blitz)"]

1. Nf3 {[%emt 0:00:02]} Nf6 {[%emt 0:00:01]} 2. c4 {[%emt 0:00:01]} g6 {[%emt
0:00:01]} 3. Nc3 {[%emt 0:00:01]} d5 {[%emt 0:00:02]} 4. d4 {[%emt 0:00:02]}
Bg7 {[%emt 0:00:01]} 5. Bf4 {[%emt 0:00:02]} O-O {[%emt 0:00:02]} 6. e3 {[%emt
0:00:02]} c5 {[%emt 0:00:01]} 7. dxc5 {[%emt 0:00:02]} Qa5 {[%emt 0:00:01]} 8.
cxd5 {[%emt 0:00:02]} Ne4 {[%emt 0:00:02]} 9. Rc1 {[%emt 0:00:08]} Nxc3 {[%emt
0:00:04]} 10. Qd2 {[%emt 0:00:01]} Qxc5 {[%emt 0:00:04]} 11. bxc3 {[%emt 0:00:
05]} Rd8 {[%emt 0:00:08]} 12. c4 {[%emt 0:00:04]} Bf5 {[%emt 0:00:11]} 13. Be2
{[%emt 0:00:02]} Nd7 {[%emt 0:00:04]} 14. O-O {[%emt 0:00:01]} Nf6 {[%emt 0:00:
02]} 15. Nd4 {[%emt 0:00:05]} Ne4 {[%emt 0:00:06]} 16. Qd1 {[%emt 0:00:04]}
Bxd4 {[%emt 0:00:09]} 17. Qxd4 {[%emt 0:00:05]} Qxd4 {[%emt 0:00:09]} 18. exd4
{[%emt 0:00:00]} Rac8 {[%emt 0:00:10]} 19. Rfe1 {[%emt 0:00:08]} Nd6 {[%emt 0:
00:09]} 20. c5 {[%emt 0:00:03]} Ne8 {[%emt 0:00:14]} 21. Bf3 {[%emt 0:00:07]}
Nf6 {[%emt 0:00:03]} 22. d6 {[%emt 0:00:17]} exd6 {[%emt 0:00:05]} 23. Bxd6 {
[%emt 0:00:08]} b6 {[%emt 0:00:01]} 24. Be7 {[%emt 0:00:05]} Nd5 {[%emt 0:00:
15]} 25. Bxd8 {[%emt 0:00:03]} Rxd8 {[%emt 0:00:01]} 26. Bxd5 {[%emt 0:00:10]}
Rxd5 {[%emt 0:00:02]} 27. Re8+ {[%emt 0:00:08]} Kg7 {[%emt 0:00:01]} 28. c6 {
[%emt 0:00:00]} Rxd4 {[%emt 0:00:05]} 29. c7 {[%emt 0:00:02] Bekakv resigns}
1-0

[Event "T-Director's Swiss sytem"]
[Site "playchess.com #662980"]
[Date "2014.03.16"]
[Round "4"]
[White "Mr bh6"]
[Black "Jrt"]
[Result "1-0"]
[WhiteElo "2664"]
[BlackElo "2387"]
[PlyCount "73"]
[EventDate "2014.03.16"]
[EventType "swiss (blitz)"]

1. d4 {[%emt 0:00:04]} Nf6 {[%emt 0:00:01]} 2. c4 {[%emt 0:00:02]} c5 {[%emt 0:
00:01]} 3. d5 {[%emt 0:00:13]} b5 {[%emt 0:00:02]} 4. cxb5 {[%emt 0:00:00]} a6
{[%emt 0:00:01]} 5. bxa6 {[%emt 0:00:04]} g6 {[%emt 0:00:01]} 6. g3 {[%emt 0:
00:16]} d6 {[%emt 0:00:02]} 7. Bg2 {[%emt 0:00:00]} Bg7 {[%emt 0:00:02]} 8. h4
{[%emt 0:00:11]} h5 {[%emt 0:00:04]} 9. Nh3 {[%emt 0:00:03]} O-O {[%emt 0:00:
36]} 10. Nf4 {[%emt 0:00:03]} Nxa6 {[%emt 0:00:04]} 11. Bd2 {[%emt 0:00:05]}
Rb8 {[%emt 0:00:08]} 12. Bc3 {[%emt 0:00:04]} Ng4 {[%emt 0:00:01]} 13. O-O {
[%emt 0:00:07]} Rxb2 {[%emt 0:00:05]} 14. Qc1 {[%emt 0:00:16]} Rb8 {[%emt 0:00:
25]} 15. Bxg7 {[%emt 0:00:10]} Kxg7 {[%emt 0:00:00]} 16. Nd2 {[%emt 0:00:01]}
e5 {[%emt 0:00:13]} 17. dxe6 {[%emt 0:00:07]} fxe6 {[%emt 0:00:00]} 18. Ne4 {
[%emt 0:00:04]} e5 {[%emt 0:00:05]} 19. Nd5 {[%emt 0:00:08]} Nc7 {[%emt 0:00:
01]} 20. Nxc7 {[%emt 0:00:18]} Qxc7 {[%emt 0:00:00]} 21. Qd2 {[%emt 0:00:00]}
Rb6 {[%emt 0:00:05]} 22. Rab1 {[%emt 0:00:22]} Rxb1 {[%emt 0:00:05]} 23. Rxb1 {
[%emt 0:00:00]} Bf5 {[%emt 0:00:00]} 24. Ng5 {[%emt 0:00:12]} Rb8 {[%emt 0:00:
04]} 25. Rxb8 {[%emt 0:00:22]} Qxb8 {[%emt 0:00:00]} 26. e4 {[%emt 0:00:06]}
Bd7 {[%emt 0:00:07]} 27. Qd5 {[%emt 0:00:21]} Qf8 {[%emt 0:00:08]} 28. f3 {
[%emt 0:00:02]} Ne3 {[%emt 0:00:04]} 29. Qb7 {[%emt 0:00:07]} Qc8 {[%emt 0:00:
20]} 30. Qb3 {[%emt 0:00:02]} Qg8 {[%emt 0:00:07]} 31. Qxe3 {[%emt 0:00:03]}
Qxa2 {[%emt 0:00:00]} 32. Qd3 {[%emt 0:00:05]} Qb2 {[%emt 0:00:12]} 33. Qxd6 {
[%emt 0:00:05]} Qd4+ {[%emt 0:00:01]} 34. Qxd4 {[%emt 0:00:03]} exd4 {[%emt 0:
00:03]} 35. Bf1 {[%emt 0:00:02]} Kf6 {[%emt 0:00:05]} 36. Kf2 {[%emt 0:00:06]}
Ba4 {[%emt 0:00:07]} 37. Bc4 {[%emt 0:00:04] Jrt resigns} 1-0